[Event "Teplice op 5th"]
[Site "Teplice"]
[Date "2010.06.12"]
[Round "1"]
[White "Zahour, Ivan"]
[Black "Hellinger, Jan"]
[Result "1-0"]
[WhiteElo "2036"]
[BlackElo "1625"]
[PlyCount "37"]
[EventDate "2010.06.12"]
[EventType "swiss"]
[EventRounds "9"]
[EventCountry "CZE"]
[SourceTitle "CBM 136 Extra"]
[Source "ChessBase"]
[SourceDate "2010.07.02"]
[SourceVersion "2"]
[SourceVersionDate "2010.07.15"]
[SourceQuality "1"]

1. d4 d5 2. c4 e6 3. Nf3 Nf6 4. Nc3 c6 5. e3 Nbd7 6. Qc2 g6 7. b3 Bg7 8. Bb2 0-0 9. Bd3 Re8 10. 0-0 Qc7 11. Rac1 Qd8 12. Rfd1 Nb8 13. a3 Nbd7 14. h3 Bf8 15. Ne5 Bg7 16. f4 Nh5 17. g4 Ng3 18. Qg2 Qh4 19. Nf3 1-0

[Event "Teplice op 3rd"]
[Site "Teplice"]
[Date "2008.06.18"]
[Round "5"]
[White "Macek, Kamil"]
[Black "Hellinger, Jan"]
[Result "1-0"]
[WhiteElo "1962"]
[BlackElo "1610"]
[PlyCount "35"]
[EventDate "2008.06.14"]
[EventType "swiss"]
[EventRounds "9"]
[EventCountry "CZE"]
[SourceTitle "CBM 125 Extra"]
[Source "ChessBase"]
[SourceDate "2008.09.01"]
[SourceVersion "1"]
[SourceVersionDate "2008.09.01"]
[SourceQuality "1"]

1. e4 e5 2. Nf3 Nc6 3. Bb5 a6 4. Ba4 Nf6 5. 0-0 Be7 6. Re1 0-0 7. Bxc6 dxc6 8. Nxe5 Re8 9. Nf3 Bg4 10. d3 Bc5 11. Be3 Bb6 12. Bxb6 cxb6 13. Nbd2 Qc7 14. h3 Bh5 15. Nf1 Bxf3 16. Qxf3 Rad8 17. Ne3 g6 18. Qxf6 1-0

[Event "Decin Treybal op"]
[Site "Decin"]
[Date "2006.02.13"]
[Round "4"]
[White "Leibner, Vladimir"]
[Black "Hellinger, Jan"]
[Result "1/2-1/2"]
[WhiteElo "1643"]
[BlackElo "1594"]
[PlyCount "29"]
[EventDate "2006.01.23"]
[EventType "swiss"]
[EventRounds "9"]
[EventCountry "CZE"]
[SourceTitle "EXT 2008"]
[Source "ChessBase"]
[SourceDate "2007.11.25"]
[SourceVersion "1"]
[SourceVersionDate "2007.11.25"]
[SourceQuality "1"]

1. e4 d6 2. d4 Nf6 3. Nc3 g6 4. Bg5 Bg7 5. h3 0-0 6. Nf3 c6 7. Bc4 Nbd7 8. 0-0 Qc7 9. Re1 b5 10. Bb3 a5 11. a4 b4 12. Nb1 c5 13. c4 Bb7 14. d5 Rfe8 15. Qc2 1/2-1/2